000 00308 a2200109 4500
001 ART_39587
005 20260410162000.0
008 260409a
245 1 0 _aPosmodernidad y ciencias sociales
100 1 _aElbaum, Jorge N.
773 0 _tPropuestas
_g- Año 1, Nº 1 (jun. 1995)
_wREV28258
999 _c31209
_d31209